[Event "World Teams"]
[Site "Yerevan ARM"]
[Date "2001.10.17"]
[Round "6"]
[White "Eingorn,V"]
[Black "Ghorbani,M"]
[Result "1-0"]
[WhiteElo "2601"]
[BlackElo "2323"]
[EventDate "2001.10.12"]

1. c4 e6 2. g3 d5 3. Bg2 Nf6 4. Nf3 Be7 5. O-O O-O 6. b3 b6 7. Bb2 Nbd7 8.
d3 Bb7 9. Nbd2 a5 10. Qc2 a4 11. Ne5 Nxe5 12. Bxe5 Bd6 13. Bxf6 Qxf6 14.
bxa4 Ra7 15. Nb3 dxc4 16. Qxc4 Bxg2 17. Kxg2 Rfa8 18. a5 bxa5 19. Rab1 g6
20. Nd4 Ra6 21. Rb5 a4 22. Rfb1 Kg7 23. Nf3 a3 24. Nd2 Ra4 25. Qc2 Qd4 26.
e3 Qa7 27. Qc3+ e5 28. Nc4 Re8 29. Nxe5 Qa8+ 30. Nc6+ f6 31. Rb8 Rxb8 32.
Rxb8 Qa6 33. e4 1-0

[Event "World Teams"]
[Site "Yerevan ARM"]
[Date "2001.10.17"]
[Round "6"]
[White "Darban,M"]
[Black "Romanishin,O"]
[Result "0-1"]
[WhiteElo "2270"]
[BlackElo "2575"]
[EventDate "2001.10.12"]

1. g3 d5 2. Bg2 g6 3. Nf3 Bg7 4. O-O Nf6 5. d3 O-O 6. Nbd2 d4 7. Nb3 Nc6 8.
e4 dxe3 9. fxe3 a5 10. a4 e5 11. e4 b6 12. Nbd2 Be6 13. b3 h6 14. Nc4 Re8
15. Bb2 Nd7 16. Ne3 Nf8 17. Qd2 Nd4 18. Nxd4 exd4 19. Nd5 c6 20. Nf4 Ra7
21. Bh3 Bxh3 22. Nxh3 Nd7 23. Nf4 Ne5 24. h3 Rd7 25. Kg2 h5 26. Rae1 Rd6
27. Qc1 Qd7 28. Ne2 c5 29. Qg5 f5 30. Ng1 Nf7 31. Qf4 Bh6 32. Qf3 Rde6 33.
Re2 Ng5 34. Qf4 Nf7 35. Qf3 Ng5 36. Qf4 fxe4 37. dxe4 Qb7 38. Nf3 Rxe4 39.
Rxe4 Rxe4 40. Qf6 Re6 41. Qf4 Re2+ 0-1

[Event "World Teams"]
[Site "Yerevan ARM"]
[Date "2001.10.17"]
[Round "6"]
[White "Malakhatko,V"]
[Black "Niknaddaf,A"]
[Result "1-0"]
[WhiteElo "2555"]
[BlackElo "2262"]
[EventDate "2001.10.12"]

1. d4 Nf6 2. Nf3 g6 3. Bf4 Bg7 4. e3 d5 5. Be2 O-O 6. O-O c5 7. c3 Nc6 8.
Nbd2 Nh5 9. Bg5 h6 10. Bh4 g5 11. Bg3 Nxg3 12. hxg3 cxd4 13. exd4 Bf5 14.
Re1 Qd6 15. Nb3 b6 16. Bd3 Qg6 17. Nc1 Bxd3 18. Nxd3 e6 19. a4 Rfe8 20.
Nde5 Nxe5 21. Nxe5 Bxe5 22. Rxe5 a6 23. Qe2 Rec8 24. f4 gxf4 25. gxf4 Kh7
26. f5 exf5 27. Rf1 Rg8 28. Rexf5 Rg7 29. Rf6 Qg5 30. Rxf7 Rag8 31. Qf3 b5
32. axb5 axb5 33. Rxg7+ Rxg7 34. Re1 Rd7 35. Qd3+ Kg7 36. Qxb5 Re7 37.
Rxe7+ Qxe7 38. Qd3 Qe1+ 39. Kh2 Qc1 40. b4 Kf6 41. Qg3 Kf5 42. Qe5+ Kg4 43.
Qe6+ Kh4 44. Qf6+ Kg4 45. Qg6+ 1-0

[Event "World Teams"]
[Site "Yerevan ARM"]
[Date "2001.10.17"]
[Round "6"]
[White "Nedev,T"]
[Black "Safin,S"]
[Result "1-0"]
[WhiteElo "2514"]
[BlackElo "2538"]
[EventDate "2001.10.12"]

1. e4 e5 2. Nf3 Nf6 3. Nxe5 d6 4. Nf3 Nxe4 5. d4 d5 6. Bd3 Bd6 7. O-O O-O
8. c4 c6 9. Qc2 Na6 10. a3 Re8 11. Nc3 Bg4 12. Nxe4 dxe4 13. Bxe4 Bxf3 14.
Bxf3 Qh4 15. g3 Qxd4 16. Be3 Qf6 17. Be4 g6 18. b4 Nc7 19. Rad1 a5 20. b5
cxb5 21. c5 Be5 22. c6 b6 23. Bxb6 Ne6 24. c7 Rac8 25. Qc6 b4 26. axb4 axb4
27. f4 Bc3 28. f5 gxf5 29. Bxf5 Qe5 30. Rd5 Bd4+ 31. Bxd4 1-0

[Event "World Teams"]
[Site "Yerevan ARM"]
[Date "2001.10.17"]
[Round "6"]
[White "Iuldachev,S"]
[Black "Bogdanovski,V"]
[Result "1/2-1/2"]
[WhiteElo "2523"]
[BlackElo "2430"]
[EventDate "2001.10.12"]

1. e4 d6 2. d4 Nf6 3. Nc3 g6 4. Bg5 Bg7 5. f4 h6 6. Bxf6 Bxf6 7. e5 Bg7 8.
Nf3 O-O 9. Bc4 c6 10. Qe2 Bg4 11. O-O-O b5 12. Bd3 Qa5 13. h3 Bxf3 14. Qxf3
b4 15. Nb1 Qxa2 16. f5 Nd7 17. fxg6 f5 18. Qxc6 Nb6 19. Qb5 dxe5 20. dxe5
Rac8 21. Qxb4 Bxe5 22. Qa3 1/2-1/2

[Event "World Teams"]
[Site "Yerevan ARM"]
[Date "2001.10.17"]
[Round "6"]
[White "Stamenkov,V"]
[Black "Vakhidov,T"]
[Result "1/2-1/2"]
[WhiteElo "2378"]
[BlackElo "2506"]
[EventDate "2001.10.12"]

1. d4 Nf6 2. Nf3 g6 3. c4 Bg7 4. g3 d5 5. cxd5 Nxd5 6. Bg2 Nb6 7. O-O Nc6
8. Nc3 Nxd4 9. Nxd4 Qxd4 10. Qxd4 Bxd4 11. Nb5 Be5 12. Bf4 Bxf4 1/2-1/2

[Event "World Teams"]
[Site "Yerevan ARM"]
[Date "2001.10.17"]
[Round "6"]
[White "Dzhumaev,M"]
[Black "Stojanovski,D"]
[Result "1/2-1/2"]
[WhiteElo "2473"]
[BlackElo "2412"]
[EventDate "2001.10.12"]

1. e4 c5 2. Nf3 g6 3. c3 Bg7 4. d4 cxd4 5. cxd4 d5 6. exd5 Nf6 7. Nc3 Nxd5
8. Bc4 Nb6 9. Bb3 Nc6 10. Be3 O-O 11. h3 Na5 12. Bc2 Nac4 13. Qe2 Nxe3 14.
fxe3 e5 15. dxe5 Qe7 16. O-O Bxe5 17. Nxe5 Qxe5 18. Bb3 Be6 1/2-1/2

[Event "World Teams"]
[Site "Yerevan ARM"]
[Date "2001.10.17"]
[Round "6"]
[White "Vera,R"]
[Black "Vaganian,R"]
[Result "0-1"]
[WhiteElo "2557"]
[BlackElo "2650"]
[EventDate "2001.10.12"]

1. d4 d5 2. c4 e6 3. Nc3 Be7 4. Nf3 Nf6 5. Qc2 O-O 6. cxd5 exd5 7. Bg5 Nbd7
8. e3 Re8 9. Bd3 Nf8 10. O-O c6 11. Rab1 Ng6 12. h3 Ne4 13. Bxe7 Qxe7 14.
b4 a6 15. a4 Bd7 16. b5 axb5 17. axb5 Ra3 18. Rb3 Rxb3 19. Qxb3 Ng5 20. Qd1
Nxf3+ 21. Qxf3 Qa3 22. bxc6 Bxc6 23. Bxg6 hxg6 24. Nb1 Qb2 25. Re1 Ra8 26.
Qe2 Ra2 27. Qxb2 Rxb2 28. Rc1 Kf8 29. Nc3 Ke7 30. Kf1 Kd6 31. Ke1 g5 32.
Nd1 Rb3 33. Rc2 Bb5 34. Rb2 Rxb2 35. Nxb2 Kc6 36. g3 Kb6 37. f3 Ka5 38. e4
Bc6 39. exd5 Bxd5 40. Kf2 b5 41. Ke3 Kb4 42. Nd3+ Kc3 43. f4 Bc4 44. Nc5
gxf4+ 45. gxf4 f5 46. h4 g6 47. Nb7 b4 0-1

[Event "World Teams"]
[Site "Yerevan ARM"]
[Date "2001.10.17"]
[Round "6"]
[White "Lputian,S"]
[Black "Arencibia,W"]
[Result "1-0"]
[WhiteElo "2618"]
[BlackElo "2533"]
[EventDate "2001.10.12"]

1. d4 Nf6 2. Nf3 g6 3. c4 Bg7 4. Nc3 O-O 5. g3 d6 6. Bg2 c6 7. O-O Bf5 8.
Ne1 Qc8 9. e4 Bh3 10. f3 Bxg2 11. Kxg2 Na6 12. Be3 e6 13. Nd3 b6 14. Qd2 c5
15. d5 exd5 16. exd5 Nc7 17. a4 Qd7 18. b4 Rfe8 19. Rab1 Ng4 20. Bf4 Bxc3
21. Qxc3 Re2+ 22. Nf2 cxb4 23. Qxb4 Ne3+ 24. Bxe3 Rxe3 25. Ng4 Re2+ 26. Kg1
Ne8 27. Rbe1 Rxe1 28. Rxe1 Qc7 29. Qb5 Qc5+ 30. Qxc5 bxc5 31. Re7 Kg7 32.
a5 a6 33. Rb7 h5 34. Nf2 Kf6 35. Ne4+ Ke5 36. Rxf7 Rb8 37. h4 1-0

[Event "World Teams"]
[Site "Yerevan ARM"]
[Date "2001.10.17"]
[Round "6"]
[White "Svidler,P"]
[Black "Jussupow,A"]
[Result "1-0"]
[WhiteElo "2686"]
[BlackElo "2633"]
[EventDate "2001.10.12"]

1. e4 e5 2. Nf3 Nf6 3. Nxe5 d6 4. Nf3 Nxe4 5. d4 d5 6. Bd3 Nc6 7. O-O Be7
8. c4 Nf6 9. h3 Nb4 10. Be2 dxc4 11. Bxc4 Nbd5 12. Re1 O-O 13. Nc3 c6 14.
Bg5 Be6 15. Qb3 Qb6 16. Qxb6 axb6 17. Nxd5 cxd5 18. Bb3 Rfc8 19. Re2 Kf8
20. Ne5 Ne4 21. Nd7+ Bxd7 22. Bxe7+ Kxe7 23. Bxd5 Kd6 24. Bxe4 Re8 25. Re3
Bc6 26. Bc2 Bd5 27. a3 Rec8 28. Bb3 Ra5 29. Rae1 Rc7 30. Rg3 g6 31. Re8 Bc6
32. Rd8+ Ke7 33. Rh8 Rh5 34. Re3+ Kf6 35. Rd8 Bd7 36. d5 Re5 37. d6 Rc1+
38. Kh2 Rxe3 39. fxe3 Bc6 40. Rc8 Rc5 41. Rc7 Rg5 42. e4 Bxe4 43. Rxf7+ Ke5
44. Re7+ 1-0

[Event "World Teams"]
[Site "Yerevan ARM"]
[Date "2001.10.17"]
[Round "6"]
[White "Grischuk,A"]
[Black "Graf,A"]
[Result "1-0"]
[WhiteElo "2666"]
[BlackElo "2610"]
[EventDate "2001.10.12"]

1. e4 e5 2. Nf3 Nc6 3. d4 exd4 4. Nxd4 Bc5 5. Nxc6 Qf6 6. Qd2 Qxc6 7. Bd3
Ne7 8. O-O O-O 9. b4 Bd4 10. c3 Bf6 11. Qe2 Qe6 12. f4 d6 13. Qc2 Nc6 14.
a3 a5 15. b5 Nb8 16. Be3 g6 17. Nd2 Nd7 18. Rae1 Qe7 19. e5 dxe5 20. Ne4
exf4 21. Bxf4 Be5 22. Nf6+ Nxf6 23. Rxe5 Qxa3 24. Bg5 Ne8 25. Be7 Nd6 26.
Qd2 Bg4 27. Qh6 f5 28. Bc4+ Rf7 29. Bxd6 Qxd6 30. Bxf7+ Kxf7 31. Qxh7+ Kf6
32. Rfe1 Rf8 33. Re7 Kg5 34. h4+ Kf4 35. Qh6+ Kg3 36. R7e3+ 1-0

[Event "World Teams"]
[Site "Yerevan ARM"]
[Date "2001.10.17"]
[Round "6"]
[White "Luther,T"]
[Black "Rublevsky,S"]
[Result "0-1"]
[WhiteElo "2604"]
[BlackElo "2634"]
[EventDate "2001.10.12"]

1. e4 c5 2. Nf3 e6 3. d4 cxd4 4. Nxd4 a6 5. Bd3 Nf6 6. O-O d6 7. c4 Bd7 8.
Nc3 Nc6 9. Nxc6 Bxc6 10. b4 b6 11. Bb2 Be7 12. Qe2 O-O 13. Rad1 Qc7 14. f4
Rac8 15. Rf3 Rfd8 16. Rh3 h6 17. Rg3 Bb7 18. a3 a5 19. e5 dxe5 20. fxe5 Ne8
21. Nb5 Qb8 22. Rf1 axb4 23. Qh5 Bc5+ 24. Kh1 Rd7 25. axb4 Bxb4 26. Nd6
Bxd6 27. exd6 Qxd6 28. Qxh6 f5 29. Qg6 Qe7 30. Re1 Qf7 31. Qg5 Rcd8 32. Bf1
Rd1 33. Rxd1 Rxd1 34. Kg1 Qc7 35. Rd3 Qc5+ 36. Qe3 0-1

[Event "World Teams"]
[Site "Yerevan ARM"]
[Date "2001.10.18"]
[Round "7"]
[White "Arencibia,W"]
[Black "Grischuk,A"]
[Result "1/2-1/2"]
[WhiteElo "2533"]
[BlackElo "2666"]
[EventDate "2001.10.12"]

1. d4 d5 2. c4 dxc4 3. e3 e6 4. Bxc4 c5 5. Nf3 a6 6. Qe2 b5 7. Bd3 cxd4 8.
exd4 Nf6 9. O-O Be7 10. a4 bxa4 11. Bg5 Bb7 12. Bxf6 Bxf6 13. Be4 Bxe4 14.
Qxe4 Nd7 15. Nc3 O-O 16. Rxa4 Be7 17. Qe2 a5 18. Rc4 Rb8 19. Rc6 Nf6 20.
Rc1 Nd5 21. Ne4 a4 1/2-1/2

[Event "World Teams"]
[Site "Yerevan ARM"]
[Date "2001.10.18"]
[Round "7"]
[White "Sakaev,K"]
[Black "Abreu,A"]
[Result "1-0"]
[WhiteElo "2639"]
[BlackElo "2493"]
[EventDate "2001.10.12"]

1. d4 d5 2. c4 c6 3. Nf3 Nf6 4. Nc3 e6 5. Bg5 dxc4 6. e4 b5 7. e5 h6 8. Bh4
g5 9. Nxg5 hxg5 10. Bxg5 Nbd7 11. g3 Bb7 12. Bg2 Qb6 13. exf6 O-O-O 14. O-O
c5 15. d5 b4 16. Na4 Qa6 17. a3 Bxd5 18. Bxd5 Ne5 19. axb4 Rxd5 20. Qe2
cxb4 21. Nc3 Ra5 22. Rxa5 Qxa5 23. Ne4 Nd3 24. Be3 Qd5 25. Ng5 e5 26. Ra1
a5 27. Qg4+ Kb7 28. Nxf7 Rh7 29. Ng5 Rd7 30. Rxa5 1-0

[Event "World Teams"]
[Site "Yerevan ARM"]
[Date "2001.10.18"]
[Round "7"]
[White "Vaganian,R"]
[Black "Iuldachev,S"]
[Result "1-0"]
[WhiteElo "2650"]
[BlackElo "2523"]
[EventDate "2001.10.12"]

1. Nf3 Nf6 2. c4 g6 3. g3 Bg7 4. Bg2 O-O 5. d4 d6 6. O-O Nbd7 7. Nc3 e5 8.
e3 Re8 9. a4 a5 10. b3 exd4 11. exd4 Nb8 12. Ra2 Nc6 13. Re2 Rxe2 14. Nxe2
Bf5 15. Ba3 d5 16. Ne5 Nb4 17. Bxb4 axb4 18. Nf4 c6 19. cxd5 Nxd5 20. Nxd5
cxd5 21. g4 Be6 22. f4 f6 23. Nd3 f5 24. Nc5 Bf7 25. gxf5 gxf5 26. Kh1 Qf6
27. Nxb7 Rb8 28. Nc5 Qxd4 29. Qxd4 Bxd4 30. Na6 Rd8 31. Nxb4 Bc3 32. Nc6
Rd6 33. Ne7+ Kf8 34. Nxf5 Rb6 35. Rd1 d4 36. a5 Bxa5 37. Ra1 Bc3 38. Ra8+
Be8 39. Rd8 d3 40. Bf3 d2 41. Bh5 Rb8 42. Rxb8 1-0

[Event "World Teams"]
[Site "Yerevan ARM"]
[Date "2001.10.18"]
[Round "7"]
[White "Ivanchuk,V"]
[Black "Mitkov,N"]
[Result "1/2-1/2"]
[WhiteElo "2731"]
[BlackElo "2514"]
[EventDate "2001.10.12"]

1. d4 Nf6 2. c4 e6 3. Nf3 d5 4. Nc3 Bb4 5. Bg5 h6 6. Bxf6 Qxf6 7. Qb3 c5 8.
cxd5 exd5 9. dxc5 Bxc3+ 10. bxc3 O-O 11. Nd4 Be6 12. Qa3 Rc8 13. e3 Nd7 14.
c6 bxc6 15. Ba6 Rcb8 16. O-O Rb6 17. Be2 Qg6 18. Nxe6 Qxe6 19. Rab1 Rab8
20. Rb3 Nf6 21. Bd1 Qd7 22. Bf3 1/2-1/2

[Event "World Teams"]
[Site "Yerevan ARM"]
[Date "2001.10.18"]
[Round "7"]
[White "Nedev,T"]
[Black "Ponomariov,R"]
[Result "1/2-1/2"]
[WhiteElo "2514"]
[BlackElo "2684"]
[EventDate "2001.10.12"]

1. e4 e5 2. Nf3 Nc6 3. d4 exd4 4. Nxd4 Nf6 5. Nxc6 bxc6 6. e5 Qe7 7. Qe2
Nd5 8. c4 Nb6 9. Nd2 d5 10. exd6 cxd6 11. Ne4 Qe6 12. b3 d5 13. cxd5 Nxd5
14. Ng5 Qxe2+ 15. Bxe2 Bb4+ 16. Bd2 Bxd2+ 17. Kxd2 O-O 18. Bf3 Rd8 19. Kc2
a5 20. Rhd1 Bf5+ 21. Be4 Bxe4+ 22. Nxe4 a4 23. a3 axb3+ 24. Kxb3 Rdb8+ 25.
Kc2 Ra4 26. Nd2 g6 27. g3 Rb5 28. Rdc1 Rd4 29. Nb3 Re4 30. Kb2 Nb6 31. Rc2
c5 32. Ka2 c4 33. Nc1 Nd5 34. Rb1 Ra5 35. Rb8+ Kg7 36. Kb2 c3+ 37. Kb3 Re1
38. a4 Re4 39. Ra2 g5 40. Nd3 Rd4 41. Nb4 Rd2 42. Rxd2 cxd2 43. Kc2 Nc7 44.
Kxd2 Rxa4 45. h3 Ra1 46. Ke2 Rh1 47. Rb7 Ne6 48. Nd3 Kf6 49. Rb6 Rxh3 50.
Nc5 h5 51. Kf3 Rh2 52. Nxe6 fxe6 53. Rb1 Kf5 54. Rb5+ e5 55. Ra5 Rh1 56.
Ra8 e4+ 57. Kg2 Rd1 58. Ra5+ Kg4 59. Ra4 Kf5 60. Ra5+ Kf6 61. Ra6+ Ke5 62.
Rh6 Rd2 63. Rh8 Kf5 64. Rf8+ Ke5 65. Rg8 Kd4 66. Kf1 g4 67. Rd8+ Kc3 68.
Rc8+ Kd3 69. Rd8+ Kc2 70. Rc8+ Kd1 71. Rc4 Rd5 1/2-1/2

[Event "World Teams"]
[Site "Yerevan ARM"]
[Date "2001.10.18"]
[Round "7"]
[White "Eingorn,V"]
[Black "Jacimovic,D"]
[Result "1/2-1/2"]
[WhiteElo "2601"]
[BlackElo "2486"]
[EventDate "2001.10.12"]

1. Nf3 Nf6 2. c4 g6 3. b3 Bg7 4. Bb2 O-O 5. g3 d5 6. cxd5 Nxd5 7. Bxg7 Kxg7
8. Bg2 a5 9. O-O c6 10. Qc1 Na6 11. Nc3 Nxc3 12. Qxc3+ f6 13. d4 Nc7 14. a3
Bf5 15. Rfd1 Qd6 16. Ne1 Rfd8 17. e3 e5 18. Qb2 exd4 19. Rxd4 Qe7 20. Nf3
Be4 21. Rad1 Ne6 1/2-1/2

[Event "World Teams"]
[Site "Yerevan ARM"]
[Date "2001.10.18"]
[Round "7"]
[White "Bogdanovski,V"]
[Black "Romanishin,O"]
[Result "1/2-1/2"]
[WhiteElo "2430"]
[BlackElo "2575"]
[EventDate "2001.10.12"]

1. Nf3 Nf6 2. c4 d6 3. d4 g6 4. Nc3 Bf5 5. Qb3 Qc8 6. g3 Bg7 7. Bg2 Nc6 8.
d5 Nd8 9. O-O O-O 10. Bd2 e5 11. Ne1 c5 12. e4 Bh3 13. Nd3 Nh5 14. f4 exf4
15. Nxf4 Nxf4 16. Bxf4 Bxg2 17. Kxg2 Qd7 18. Nb5 a6 19. Qa3 b6 20. Nc3 Nb7
21. Qa4 Qe7 22. Rae1 Na5 23. Nd1 Rfe8 24. Bd2 Nb7 25. Rf3 1/2-1/2

[Event "World Teams"]
[Site "Yerevan ARM"]
[Date "2001.10.18"]
[Round "7"]
[White "Mahjoob,M"]
[Black "Gyimesi,Z"]
[Result "0-1"]
[WhiteElo "2366"]
[BlackElo "2605"]
[EventDate "2001.10.12"]

1. e4 e5 2. Nf3 Nc6 3. Bc4 Bc5 4. c3 Nf6 5. d3 a6 6. Bb3 Ba7 7. O-O O-O 8.
h3 d6 9. Re1 h6 10. Nbd2 Nh5 11. Nf1 Qf6 12. Ne3 Nf4 13. Kh2 Ne7 14. Ng1
Be6 15. g3 Bxb3 16. axb3 Nfg6 17. Rf1 Qe6 18. f4 exf4 19. gxf4 f5 20. Ra4
Bxe3 21. Bxe3 b5 22. exf5 Qxe3 23. Re4 Nxf5 24. Rxe3 Nxe3 25. Qf3 Nxf1+ 26.
Qxf1 Nxf4 27. Qf3 d5 28. Qe3 Rae8 29. Qc5 Kh7 30. Qxc7 Nxd3 31. Qd7 Re5 32.
Qa7 Rf2+ 33. Kh1 Rf4 34. Qd7 Rg5 35. Qe8 Nf2+ 36. Kh2 Ne4 0-1

[Event "World Teams"]
[Site "Yerevan ARM"]
[Date "2001.10.18"]
[Round "7"]
[White "Ruck,R"]
[Black "Roghani,A"]
[Result "1/2-1/2"]
[WhiteElo "2582"]
[BlackElo "2276"]
[EventDate "2001.10.12"]

1. c4 e6 2. Nf3 Nf6 3. g3 d5 4. Bg2 Be7 5. O-O O-O 6. d4 c6 7. Nc3 Nbd7 8.
Nd2 c5 9. cxd5 exd5 10. Nf3 Re8 11. Bf4 a6 12. dxc5 Nxc5 13. Rc1 Bf5 14.
Nd4 Bg6 15. a3 Qd7 16. b4 Nce4 17. Nxe4 dxe4 18. Rc7 Qd5 19. Nb3 b6 20. Qc2
Qh5 21. Qc6 Rad8 22. Ra7 Nd5 23. Bc7 Nxc7 24. Rxc7 Qxe2 25. Qxb6 Qb2 26.
Na5 Bg5 27. Nc4 Qe2 28. h4 Bf6 29. Qe3 Qxe3 30. fxe3 Rc8 31. Rxc8 Rxc8 32.
Nd6 Rc3 33. h5 Bxh5 34. Nxe4 Rxe3 35. Rxf6 gxf6 36. Nxf6+ Kf8 37. Nxh5 Rxa3
38. Kf2 Rb3 39. Bf1 Rxb4 40. Bxa6 Rb3 41. Bc4 Ra3 42. Bd5 h6 43. g4 Ra5 44.
Nf4 Ra3 45. Be4 Ke7 46. Bd5 Kf6 47. Bf3 Kg5 48. Nh3+ 1/2-1/2

[Event "World Teams"]
[Site "Yerevan ARM"]
[Date "2001.10.19"]
[Round "8"]
[White "Mitkov,N"]
[Black "Gyimesi,Z"]
[Result "1/2-1/2"]
[WhiteElo "2514"]
[BlackElo "2605"]
[EventDate "2001.10.12"]

1. e4 e5 2. Bc4 Nf6 3. d3 Nc6 4. Nc3 Na5 5. Nge2 Nxc4 6. dxc4 Bc5 7. Qd3 d6
8. O-O Be6 9. Nd5 c6 10. Nxf6+ Qxf6 11. b3 O-O 12. Be3 Bxe3 13. Qxe3 d5 14.
cxd5 cxd5 15. exd5 1/2-1/2

[Event "World Teams"]
[Site "Yerevan ARM"]
[Date "2001.10.19"]
[Round "8"]
[White "Ruck,R"]
[Black "Nedev,T"]
[Result "1-0"]
[WhiteElo "2582"]
[BlackElo "2514"]
[EventDate "2001.10.12"]

1. c4 Nf6 2. Nc3 g6 3. g3 d5 4. cxd5 Nxd5 5. Bg2 Nb6 6. d3 Bg7 7. Be3 Nc6
8. Bxc6+ bxc6 9. Qd2 h6 10. Rc1 Nd5 11. Nf3 Bh3 12. Bd4 Nf6 13. Bxf6 exf6
14. Qe3+ Kf8 15. Qc5+ Kg8 16. Nd4 Kh7 17. Nxc6 Qd7 18. f3 Rhe8 19. Kf2 f5
20. Qd5 Qc8 21. Qxf7 Qb7 22. Nd5 Qxb2 23. Nf4 Qb6+ 24. d4 g5 25. Nxh3 1-0

[Event "World Teams"]
[Site "Yerevan ARM"]
[Date "2001.10.19"]
[Round "8"]
[White "Jacimovic,D"]
[Black "Varga,Zo"]
[Result "1/2-1/2"]
[WhiteElo "2486"]
[BlackElo "2506"]
[EventDate "2001.10.12"]

1. d4 d5 2. c4 dxc4 3. Nf3 c6 4. e3 Be6 5. Nbd2 Qa5 6. Be2 Nd7 7. O-O Nb6
8. Qc2 Nf6 9. Ne5 Rd8 10. Ndxc4 Nxc4 11. Nxc4 Bxc4 12. Bxc4 e6 13. a3 Bd6
14. h3 O-O 15. b4 Qc7 16. e4 e5 17. f4 Qb6 18. Kh2 Qxd4 19. Bb2 Qxe4 20.
Bd3 Qd5 21. Bc4 Qe4 22. Bd3 Qe3 23. Rae1 Qb6 24. fxe5 Bb8 25. Kh1 Qc7 26.
Rxf6 Rxd3 27. Qxd3 gxf6 28. Re4 Rd8 29. Rg4+ Kh8 30. Qf5 Qe7 31. Rd4 Bxe5
32. Rxd8+ Qxd8 33. Bxe5 fxe5 34. Qxe5+ f6 35. Qe6 Kg7 36. Qg4+ Kf8 37. Qh5
Qe7 38. Qh6+ Kg8 39. Qd2 a6 40. Kg1 Kf7 41. Kf2 Qe6 42. Qd3 f5 43. g4 Kg6
44. h4 Qe5 45. h5+ Kg5 46. Qd8+ Kxg4 47. Qg8+ Kxh5 48. Qxh7+ Kg4 49. Qxb7
Qb2+ 50. Kf1 Qc1+ 51. Kf2 Qc2+ 52. Ke3 Qc3+ 53. Ke2 Qb2+ 54. Kd1 Qxa3 55.
Kc2 Qa4+ 56. Kc3 Kf3 57. Qh7 Qa1+ 58. Kc2 Qa2+ 59. Kc3 Qa3+ 60. Kc2 Qa2+
61. Kc3 Qd5 62. Qh3+ Ke4 63. Qh1+ Ke5 64. Qh8+ Kf4 65. Qh4+ Ke3 66. Qe1+
Kf3 67. Qf1+ Kg3 68. Qe1+ Kg4 69. Qg1+ Kh5 70. Qh2+ Kg6 71. Qg3+ Kf7 72.
Qc7+ Kf6 73. Qh7 f4 74. Qh6+ Ke5 75. Qh5+ Ke6 76. Qh6+ Ke5 77. Qh5+ Kd6 78.
Qh6+ Qe6 79. Qxf4+ Qe5+ 80. Qxe5+ Kxe5 81. Kc4 Kd6 82. Kd4 Kd7 83. Kc5 Kc7
84. Kd4 Kb7 85. Kc5 Kc7 86. Kd4 Kb6 87. Kc4 a5 88. bxa5+ Kxa5 89. Kc5 Ka4
90. Kxc6 1/2-1/2

[Event "World Teams"]
[Site "Yerevan ARM"]
[Date "2001.10.19"]
[Round "8"]
[White "Acs,P"]
[Black "Bogdanovski,V"]
[Result "1/2-1/2"]
[WhiteElo "2530"]
[BlackElo "2430"]
[EventDate "2001.10.12"]

1. e4 d6 2. d4 g6 3. Nc3 Bg7 4. f4 Nf6 5. Nf3 O-O 6. Bd3 Na6 7. O-O c5 8.
d5 Bg4 9. Bc4 Nc7 10. h3 Bxf3 11. Qxf3 a6 12. a4 b6 13. Qd3 Qb8 14. Be3 Qb7
15. Rab1 e6 16. b4 exd5 17. exd5 cxb4 18. Rxb4 b5 19. axb5 axb5 20. Bb3 Ra5
21. f5 Qa6 22. Rbf4 Ra1 23. Bd4 b4 24. Rxa1 Qxa1+ 25. Nd1 Qc1 26. Rf1 Qg5
27. Bb6 Nce8 28. Bd8 Kh8 29. Be7 Rg8 30. Kh1 Qh6 31. Ne3 Bf8 32. fxg6 Bxe7
33. gxf7 Rg5 34. fxe8=Q+ Nxe8 1/2-1/2

[Event "World Teams"]
[Site "Yerevan ARM"]
[Date "2001.10.19"]
[Round "8"]
[White "Ponomariov,R"]
[Black "Vaganian,R"]
[Result "1-0"]
[WhiteElo "2684"]
[BlackElo "2650"]
[EventDate "2001.10.12"]

1. e4 e6 2. d4 d5 3. Nc3 Bb4 4. e5 c5 5. a3 Ba5 6. b4 cxd4 7. Nb5 Bc7 8. f4
Bd7 9. Nxc7+ Qxc7 10. Bd3 a6 11. Nf3 Nh6 12. Bb2 Ba4 13. Bxd4 Bb5 14. O-O
Nf5 15. Bf2 h5 16. Ng5 Bxd3 17. cxd3 Nc6 18. Rc1 Qd8 19. Re1 Rc8 20. Bc5
Ncd4 21. h3 b6 22. Bxd4 Nxd4 23. Rxc8 Qxc8 24. Qa1 Nf5 25. Rc1 Qd7 26. Qc3
O-O 27. Qc6 Qd8 28. Qb7 Nd4 29. Kf2 Qb8 30. Rc7 Qxb7 31. Rxb7 b5 32. Ra7 h4
33. Ke3 Nf5+ 34. Kf3 g6 35. Kg4 Ne3+ 36. Kxh4 Nxg2+ 37. Kg3 Ne1 38. Rxa6
Nxd3 39. Ra7 Rc8 40. Nxf7 Rc4 41. Nh6+ Kh8 42. Rf7 g5 43. fxg5 Nxe5 44. Rf6
Kg7 45. Rxe6 Rc3+ 46. Kf4 Ng6+ 47. Kf5 Rf3+ 48. Kg4 Rxa3 49. Nf5+ Kh7 50.
h4 Rb3 51. h5 Rxb4+ 52. Kg3 Rb3+ 53. Kf2 Rb2+ 54. Ke1 Nf8 55. Rf6 Rg2 56.
Rf7+ Kg8 57. Nh6+ 1-0

[Event "World Teams"]
[Site "Yerevan ARM"]
[Date "2001.10.19"]
[Round "8"]
[White "Asrian,K"]
[Black "Baklan,V"]
[Result "1/2-1/2"]
[WhiteElo "2604"]
[BlackElo "2590"]
[EventDate "2001.10.12"]

1. e4 c5 2. Nf3 Nc6 3. d4 cxd4 4. Nxd4 Nf6 5. Nc3 d6 6. Bg5 e6 7. Qd2 a6 8.
O-O-O Bd7 9. f4 b5 10. Bxf6 gxf6 11. Kb1 b4 12. Nce2 Qb6 13. g3 Rc8 14. Bg2
Na7 15. Rhf1 Be7 16. g4 a5 17. e5 Nb5 18. Rf3 Qc5 1/2-1/2

[Event "World Teams"]
[Site "Yerevan ARM"]
[Date "2001.10.19"]
[Round "8"]
[White "Romanishin,O"]
[Black "Minasian,Art"]
[Result "1/2-1/2"]
[WhiteElo "2575"]
[BlackElo "2581"]
[EventDate "2001.10.12"]

1. Nf3 g6 2. d4 Bg7 3. g3 c5 4. c3 Qa5 5. Bd2 Nf6 6. b4 cxb4 7. cxb4 Qd8 8.
Nc3 O-O 9. Bg2 Nc6 10. b5 Na5 11. O-O d6 12. Rc1 a6 13. bxa6 Rxa6 14. e4
Bg4 15. h3 Bxf3 16. Qxf3 Nc4 17. Be1 e5 18. Qe2 exd4 19. Qxc4 dxc3 20. Bxc3
Nd7 21. Bxg7 Kxg7 22. Rc2 Ne5 23. Qd4 Qf6 24. Qb2 Rfa8 25. f4 Nc6 26. Rff2
Qxb2 27. Rxb2 R8a7 28. Rfd2 Ra3 29. Kf2 Kf8 30. Bf1 R3a4 31. Bb5 Rxe4 32.
Rxd6 Rb4 33. Rdd2 Rxb2 34. Rxb2 Ra3 35. Bc4 Rc3 36. Bd5 Nd8 37. h4 h5 38.
Be4 Ra3 39. f5 Kg7 40. fxg6 fxg6 41. Bb1 Ra6 42. Rd2 Nf7 43. Rd7 Rf6+ 44.
Ke3 b6 45. Be4 Kh6 46. Kd4 Nd6 47. Bd3 Nf5+ 48. Bxf5 Rxf5 49. Kc4 Ra5 50.
Kb3 Rb5+ 51. Kc4 Ra5 52. Rd2 Ra3 53. Rg2 g5 54. Kb5 gxh4 55. gxh4 Rh3 56.
a4 Rxh4 57. Ra2 Rg4 58. Kxb6 Rg6+ 1/2-1/2

[Event "World Teams"]
[Site "Yerevan ARM"]
[Date "2001.10.19"]
[Round "8"]
[White "Svidler,P"]
[Black "Kasimdzhanov,R"]
[Result "1/2-1/2"]
[WhiteElo "2686"]
[BlackElo "2706"]
[EventDate "2001.10.12"]

1. e4 e5 2. Nf3 Nc6 3. Bb5 a6 4. Ba4 Nf6 5. O-O Be7 6. Re1 b5 7. Bb3 d6 8.
c3 O-O 9. h3 Na5 10. Bc2 c5 11. d4 Qc7 12. Nbd2 cxd4 13. cxd4 Rd8 14. Nf1
exd4 15. Bf4 Nc6 16. Ng3 Be6 17. Rc1 Qb6 18. Nf5 Bxf5 19. exf5 d5 20. a3
Rac8 21. Bb1 Bf8 22. Ba2 h6 23. Qd3 Na5 24. Nxd4 Nc4 25. Rc2 Re8 26. Rxe8
Rxe8 27. Nf3 a5 28. a4 Re4 29. Bc1 bxa4 30. Bxc4 dxc4 31. Rxc4 Rxc4 32.
Qxc4 Qb4 33. Qc2 Bc5 34. Bd2 Qb5 35. Be1 a3 36. bxa3 Bxa3 37. Nd4 Qe5 38.
Nf3 Qa1 39. Qa4 Qc1 40. Qxa5 Bc5 41. Qa8+ Kh7 42. Qa4 Qb1 43. Qc4 Qxf5 44.
Qxf7 Qd3 45. Qe6 Qb1 46. g3 Qd3 47. Kg2 Qe4 48. Qxe4+ Nxe4 49. Ne5 Bd4 50.
Nc4 Kg6 51. f4 h5 52. Kf3 Nf6 53. Ba5 Kf5 54. Bd8 Ke6 55. Ne3 Bxe3 56. Kxe3
Nd5+ 57. Kd4 g6 58. Ke4 Nc3+ 59. Kf3 Nb5 1/2-1/2

[Event "World Teams"]
[Site "Yerevan ARM"]
[Date "2001.10.19"]
[Round "8"]
[White "Grischuk,A"]
[Black "Iuldachev,S"]
[Result "1/2-1/2"]
[WhiteElo "2666"]
[BlackElo "2523"]
[EventDate "2001.10.12"]

1. e4 e5 2. Nf3 Nc6 3. Bb5 a6 4. Ba4 Nf6 5. O-O Be7 6. Re1 b5 7. Bb3 d6 8.
c3 O-O 9. h3 Na5 10. Bc2 c5 11. d4 Qc7 12. Nbd2 Rd8 13. b3 cxd4 14. cxd4
Nc6 15. Bb2 exd4 16. Nxd4 Nxd4 17. Bxd4 Be6 18. Rc1 Qa5 19. Nf3 d5 20. exd5
Rxd5 21. Rxe6 fxe6 22. Qe2 Qa3 23. Bb2 Qd6 24. Bxf6 Bxf6 25. Be4 Rd8 26.
Bxd5 exd5 27. Ne1 b4 28. Nd3 Bc3 29. Rd1 a5 30. g3 Qa6 31. h4 Rf8 32. h5 a4
33. Qg4 axb3 34. axb3 Qc8 35. Qe2 Qe8 36. Qg4 Qc8 37. Qe2 Qe8 38. Qg4
1/2-1/2